| 000 | 01162nam a2200265Ia 4500 | ||
|---|---|---|---|
| 999 |
_c53797 _d53797 |
||
| 001 | 20847 | ||
| 003 | GE_BSU | ||
| 005 | 20210509214249.0 | ||
| 008 | 181216s||||||||ge |||||||||||||| ||geo|| | ||
| 020 | _a9789994066919 (ტ,3) | ||
| 040 | _cGE_BSU | ||
| 041 | _ageo | ||
| 080 | _a821.133.1-31 მ-84 | ||
| 100 |
_aმოპასანი, გი დე _911762 |
||
| 245 |
_aლამაზი მეგობარი : _bრომანი / _cგი დე მოპასანი ; თარგმნი ფრანგულიდან მიხეილ ჯავახიშვილისა ; რედ. მარინე სოხაძე. |
||
| 264 |
_aთბილისი : _bსაქართველოს მაცნე, _c?. |
||
| 300 |
_a462 გვ. ; _c21 სმ. |
||
| 490 | _aოქროს ბიბლიოთეკა | ||
| 541 | _h10ლ.22თ. | ||
| 653 | _aლამაზი მეგობარი | ||
| 653 | _aმხატვრული ლიტერატურა | ||
| 653 | _aრომანი | ||
| 700 |
_aსოხაძე, მარინე _eრედაქტორი _911763 |
||
| 942 |
_cBK _2udc |
||